The Micro Channel Architecture Handbook / Chet Heat, Winn L. Rosch (Registro nro. 11899)
[ vista simple ]
| 000 -LÍDER | |
|---|---|
| fixed length control field | 00520nam a2200157 4500 |
| 008 - ELEMENTOS DE LONGITUD FIJA -- INFORMACIÓN GENERAL | |
| fixed length control field | 0 1990 0a 000 0USA |
| 020 ## - NÚMERO INTERNACIONAL NORMALIZADO PARA LIBROS | |
| ISBN | 0-13-583493-7 |
| 050 ## - SIGNATURA TOPOGRAFICA DE LA BIBLIOTECA DEL CONGRESO (LC) | |
| Número de Clasificación | TK7895 M5 H43 1990 |
| 082 ## - NUMERO DE CLASIFICACION DECIMAL DEWEY | |
| Número de Clasificación | 001.64 H746t |
| 100 ## - ASIENTO PRINCIPAL--NOMBRE PERSONAL | |
| Nombre personal | Heat, Chet |
| 245 ## - TÍTULO | |
| Título | The Micro Channel Architecture Handbook / Chet Heat, Winn L. Rosch |
| 260 ## - PUBLICACIÓN, DISTRIBUCIÓN, ETC. (PIE DE IMPRENTA) | |
| Lugar de publicación, distribución, etc. | United States of America : Brady |
| 300 ## - DESCRIPCIÓN FÍSICA | |
| Extensión | xxv, 341 p. / 23.5 cm. |
| 500 ## - NOTA GENERAL | |
| Nota general | Incluye ap‚ndice, índice. |
| 650 ## - ASIENTO SECUNDARIO DE MATERIA - TERMINO TEMÁTICO | |
| Término temático o nombre geográfico como elemento de entrada | 1.MICROPROCESADORES \ 2.ARQUITECTURA DE COMPUTADORAS |
| No. biblioteca | No. biblioteca | Número de clasificación | Código de barras/Número de adquisición | Número de copia | Tipo de material |
|---|---|---|---|---|---|
| LUIS G. INCLAN | LUIS G. INCLAN | 001.64 H746t | 22566 | 1 | Libros |
